书目信息 |
| 题名: |
污染及有益元素的土壤化学平衡
|
|
| 作者: | 何振立 主编 | |
| 分册: | ||
| 出版信息: | 北京 中国环境科学出版社 1998.06 |
|
| 页数: | 444页 | |
| 开本: | 32开 | |
| 丛书名: | ||
| 单 册: | ||
| 中图分类: | ||
| 科图分类: | ||
| 主题词: | 土壤学 | |
| 电子资源: | ||
| ISBN: | 7-80135-503-2 | |
| 000 | 00602nam0 2200205 45 | |
| 001 | 9909081552 | |
| 005 | 19990908154509.3 | |
| 010 | @a7-80135-503-2@d29.00元 | |
| 100 | @a19990908d1998 km y0chiy0120 ea | |
| 101 | @achi | |
| 105 | @a z 000yy | |
| 200 | 1 | @a污染及有益元素的土壤化学平衡@AWu Ran Ji You Yi Yuan Su De Tu Rang Hua Xue Ping Heng@f何振立 主编@FHe Zhen Li Zhu Bian |
| 210 | @a北京@c中国环境科学出版社@d1998.06 | |
| 215 | @a444页@d32开 | |
| 606 | 0 | @a土壤学 |
| 690 | @v3 | |
| 690 | @aS153 | |
| 701 | @a何振立@4主编 | |
| 801 | @aCN@bPFTUser@c19990908 | |
| 905 | @b40276-278@dS153@f3@eH467 | |
| 污染及有益元素的土壤化学平衡/何振立 主编.-北京:中国环境科学出版社,1998.06 |
| 444页;32开 |
| ISBN 7-80135-503-2:29.00元 |
| ● |
| 相关链接 |
|
|
|
正题名:污染及有益元素的土壤化学平衡
索取号:S153/H467
 
预约/预借
| 序号 | 登录号 | 条形码 | 馆藏地/架位号 | 状态 | 备注 |
| 1 | 40276 | 200402769 | 自科库401/401自科库 66排6列1层/ [索取号:S153/H467] | 在馆 | |
| 2 | 40277 | 200402778 | 自科库401/401自科库 66排6列1层/ [索取号:S153/H467] | 在馆 | |
| 3 | 40278 | 200402787 | 自科库401/401自科库 66排6列1层/ [索取号:S153/H467] | 在馆 |